00581nam a22002057a 450000500170000001000110001702000100002803500110003803700160004904000120006508200160007710000260009324500530011926000590017227000340023130000220026550000410028765000120032865000350034020170124105946.0 a567429 c15.00 a567429 bCen Lib/Ret aDPLbEN a260.33bKOH aKohli, Surindar Singh raTravels of Guru Nanak /cby Surindar Singh Kohli bPublication Bureau Panjab UniversityaChandigarhc1969 aPnjab University bChandigarh avi,200p.c21m(Hb) aIncludes bibliographical references. aSikhism a Nānak, Guru, -- 1469-1538.